[Event "Targu Mures op 3rd"]
[Site "Targu Mures"]
[Date "2022.06.07"]
[Round "4"]
[White "Kumar, Ambar David"]
[Black "Vladescu, Alin Cristian"]
[Result "0-1"]
[WhiteElo "1492"]
[BlackElo "2004"]
[PlyCount "110"]
[EventDate "2022.06.05"]
[EventType "swiss"]
[EventRounds "9"]
[EventCountry "ROU"]
[SourceTitle "EXT 2024"]
[Source "ChessBase"]
[SourceDate "2023.10.10"]
[SourceVersion "1"]
[SourceVersionDate "2023.10.10"]
[SourceQuality "1"]

1. Nf3 Nf6 2. b3 d5 3. Bb2 Bf5 4. e3 e6 5. d4 Nbd7 6. Nbd2 c6 7. c4 Be7 8. Be2 h6 9. a3 0-0 10. 0-0 Re8 11. Rc1 a5 12. Nb1 Ne4 13. Nc3 Bd6 14. Bd3 Ndf6 15. Ne5 Bxe5 16. dxe5 Nxc3 17. Bxc3 Bxd3 18. Qxd3 Nd7 19. e4 Nc5 20. Qe3 Nxe4 21. Bd4 Qg5 22. Rfd1 Qxe3 23. Bxe3 Ng5 24. a4 Nh7 25. Bb6 Nf8 26. f4 f6 27. Bc7 fxe5 28. fxe5 Ng6 29. g3 Ne7 30. Rf1 Nf5 31. cxd5 cxd5 32. Rc5 Rec8 33. Rxa5 Rxa5 34. Bxa5 Nd4 35. b4 Rc4 36. Kg2 Nc6 37. Bc7 Rxb4 38. a5 Ra4 39. Rb1 Rb4 40. Ra1 Kf7 41. a6 bxa6 42. Rxa6 Rc4 43. Bd6 Rc2+ 44. Kg1 d4 45. h4 h5 46. Kf1 Kg6 47. Ra8 d3 48. Ke1 Nxe5 49. Ra3 Nf3+ 50. Kd1 Rd2+ 51. Kc1 e5 52. Bxe5 Rc2+ 53. Kd1 Nxe5 54. Rxd3 Nxd3 55. Kxc2 Nf2 0-1

[Event "Targu Mures op"]
[Site "Targu Mures"]
[Date "2021.07.24"]
[Round "5"]
[White "Creanga, Robert Ionut"]
[Black "Vladescu, Alin Cristian"]
[Result "1/2-1/2"]
[WhiteElo "2116"]
[BlackElo "1997"]
[PlyCount "129"]
[EventDate "2021.07.21"]
[EventType "swiss"]
[EventRounds "7"]
[EventCountry "ROU"]
[SourceTitle "CBM 203 Extra"]
[Source "ChessBase"]
[SourceDate "2021.09.30"]
[SourceVersion "1"]
[SourceVersionDate "2021.09.30"]
[SourceQuality "1"]

1. d4 d6 2. c4 Nf6 3. Nc3 c6 4. e4 Nbd7 5. f3 e5 6. Be3 Be7 7. Nge2 h5 8. Qd2 a6 9. a4 a5 10. d5 c5 11. Nc1 b6 12. Nd3 Ba6 13. b3 h4 14. 0-0-0 Nh7 15. g3 Ng5 16. Be2 Bf6 17. Nf2 Nh7 18. Ng4 Be7 19. f4 exf4 20. gxf4 Qc7 21. e5 0-0-0 22. Bd3 Nhf8 23. e6 Nf6 24. exf7 g6 25. Nf2 Rh7 26. Rhg1 Rxf7 27. Bxg6 Nxg6 28. Rxg6 Qd7 29. Qe2 Kb8 30. Rdg1 Re8 31. Rg7 Bf8 32. Rxf7 Qxf7 33. Qf3 Bc8 34. Bd2 Bf5 35. Nh3 Ne4 36. Nxe4 Bxe4 37. Qc3 Bg6 38. Ng5 Qf5 39. Kb2 Be7 40. Ka3 Bf6 41. Qc1 Re2 42. Ne6 Qd3 43. f5 Bxf5 44. Nf4 Qxd2 45. Nxe2 Qxe2 46. Rg8+ Kb7 47. Rf8 Qe5 48. Rf7+ Ka6 49. Rf8 Qd4 50. Ra8+ Kb7 51. Rf8 Be4 52. h3 Be5 53. Rf1 Qd3 54. Re1 Bc3 55. Re3 Bb4+ 56. Ka2 Qd4 57. Re2 Bd3 58. Rg2 Be4 59. Re2 Bf3 60. Rc2 Qd3 61. Rf2 Bc3 62. Qf1 Qxf1 63. Rxf1 Bg2 64. Rf2 Bh1 65. Rf1 1/2-1/2

[Event "Romania blitz online op final"]
[Site "Chess.com INT"]
[Date "2020.05.06"]
[Round "5"]
[White "Costachi, Mihnea"]
[Black "Vladescu, Alin Cristian"]
[Result "1-0"]
[WhiteElo "2471"]
[BlackElo "1997"]
[PlyCount "61"]
[EventDate "2020.05.06"]
[EventType "swiss (blitz)"]
[EventRounds "9"]
[EventCountry "ROU"]
[SourceTitle "CBM 196 Extra"]
[Source "ChessBase"]
[SourceDate "2020.07.31"]
[SourceVersion "1"]
[SourceVersionDate "2020.07.31"]
[SourceQuality "1"]

1. d4 d6 2. c4 Nf6 3. g3 h5 4. h3 c6 5. Bg2 Nbd7 6. Nc3 e5 7. Nf3 Qc7 8. Qc2 g6 9. Bg5 Bh6 10. Bxh6 Rxh6 11. dxe5 dxe5 12. Rd1 Kf8 13. 0-0 Rh8 14. b4 Kg7 15. c5 Re8 16. Rd6 Nf8 17. Rfd1 Re7 18. Qd2 Bd7 19. Ng5 Rae8 20. Qe3 Bc8 21. Qf3 N6h7 22. Nxh7 Nxh7 23. Qd3 Be6 24. Qd2 f5 25. e4 Rf7 26. exf5 Bxf5 27. Ne4 Bxe4 28. Bxe4 Nf6 29. Qg5 Nxe4 30. Rxg6+ Kf8 31. Rg8# 1-0

[Event "Targu Mures op"]
[Site "Targu Mures"]
[Date "2019.10.18"]
[Round "3"]
[White "Paraschiv, Paul Alexandru"]
[Black "Vladescu, Alin Cristian"]
[Result "1-0"]
[WhiteElo "2023"]
[BlackElo "2004"]
[PlyCount "55"]
[EventDate "2019.10.17"]
[EventType "swiss"]
[EventRounds "7"]
[EventCountry "ROU"]
[SourceTitle "CBM 192 Extra"]
[Source "Chessbase"]
[SourceDate "2019.11.06"]
[SourceVersion "1"]
[SourceVersionDate "2019.11.06"]
[SourceQuality "1"]

1. d4 c5 2. d5 Nf6 3. c4 d6 4. Nc3 g6 5. e4 Bg7 6. Bd3 0-0 7. Nge2 e6 8. 0-0 e5 9. Ng3 a6 10. a4 h6 11. Bd2 Nbd7 12. a5 Ne8 13. Na4 Kh7 14. b4 Bf6 15. bxc5 dxc5 16. Qc1 h5 17. Rb1 Qc7 18. Nb6 Rb8 19. Nxd7 Bxd7 20. Rb6 Nd6 21. f4 Rbe8 22. fxe5 Bxe5 23. Bh6 Rg8 24. Bf4 h4 25. Bxe5 Rxe5 26. Qf4 Rge8 27. Qxh4+ Kg8 28. Qf6 1-0

[Event "Arad op"]
[Site "Arad"]
[Date "2012.07.31"]
[Round "6"]
[White "Pop, Alexandru"]
[Black "Vladescu, Alin Cristian"]
[Result "1-0"]
[WhiteElo "2270"]
[BlackElo "1932"]
[PlyCount "69"]
[EventDate "2012.07.27"]
[EventType "swiss"]
[EventRounds "9"]
[EventCountry "ROU"]
[SourceTitle "CBM 149 Extra"]
[Source "ChessBase"]
[SourceDate "2012.08.24"]
[SourceVersion "1"]
[SourceVersionDate "2012.08.24"]
[SourceQuality "1"]

1. Nf3 Nc6 2. d4 d6 3. e4 e5 4. Bb5 exd4 5. Nxd4 Bd7 6. Bxc6 bxc6 7. Nc3 g6 8. 0-0 Bg7 9. Re1 Ne7 10. Bf4 0-0 11. e5 d5 12. Na4 Nf5 13. c3 Re8 14. Qd2 Bf8 15. b4 Qc8 16. Nc5 a5 17. a3 Ng7 18. Bg5 Ne6 19. Ndxe6 Bxe6 20. Bf6 Bg7 21. Bxg7 Kxg7 22. Qd4 Qb8 23. Nb3 a4 24. Nc5 Qb5 25. Rad1 Kg8 26. Qh4 h5 27. Rd4 Qb8 28. Rf4 Qd8 29. Rf6 Kg7 30. Qf4 Re7 31. Qd4 Qh8 32. Re3 Qh6 33. Qh4 Kf8 34. Nxe6+ Rxe6 35. Rxe6 1-0

[Event "Arad op"]
[Site "Arad"]
[Date "2012.07.29"]
[Round "4"]
[White "Chircu, Vadim"]
[Black "Vladescu, Alin Cristian"]
[Result "1-0"]
[WhiteElo "2202"]
[BlackElo "1932"]
[PlyCount "57"]
[EventDate "2012.07.27"]
[EventType "swiss"]
[EventRounds "9"]
[EventCountry "ROU"]
[SourceTitle "CBM 149 Extra"]
[Source "ChessBase"]
[SourceDate "2012.08.24"]
[SourceVersion "1"]
[SourceVersionDate "2012.08.24"]
[SourceQuality "1"]

1. e4 c6 2. d4 d5 3. exd5 cxd5 4. c4 Nf6 5. Nc3 e6 6. Nf3 Nc6 7. cxd5 Nxd5 8. Bd3 Bb4 9. Bd2 a6 10. 0-0 Nf6 11. a3 Ba5 12. Bg5 Ne7 13. Ne5 h6 14. Bh4 g5 15. Bg3 Nf5 16. Nc4 Nxg3 17. fxg3 Qxd4+ 18. Kh1 Bd8 19. Qd2 b5 20. Ne3 Bd7 21. Rae1 Kf8 22. Nc2 Qb6 23. Ne4 Nd5 24. Nb4 Qd4 25. Nxd5 exd5 26. Nd6 f6 27. Nf7 Rh7 28. Nxd8 Rxd8 29. Qa5 1-0

[Event "Arad op"]
[Site "Arad"]
[Date "2012.07.27"]
[Round "8"]
[White "Cvetanovic, Uros"]
[Black "Vladescu, Alin Cristian"]
[Result "1-0"]
[WhiteElo "2225"]
[BlackElo "1932"]
[PlyCount "50"]
[EventDate "2012.07.27"]
[EventType "swiss"]
[EventRounds "9"]
[EventCountry "ROU"]
[SourceTitle "CBM 149 Extra"]
[Source "ChessBase"]
[SourceDate "2012.08.24"]
[SourceVersion "1"]
[SourceVersionDate "2012.08.24"]
[SourceQuality "1"]

1. e4 c6 2. Nf3 d5 3. exd5 cxd5 4. Ne5 Nc6 5. d4 g6 6. c3 Bg7 7. f4 Nh6 8. Bd3 0-0 9. 0-0 Re8 10. Nd2 f6 11. Nxc6 bxc6 12. Nf3 Nf7 13. f5 g5 14. h4 h6 15. Nh2 a5 16. Qh5 Ba6 17. Bxa6 Rxa6 18. hxg5 Nxg5 19. Ng4 c5 20. dxc5 d4 21. cxd4 Qxd4+ 22. Be3 Qxb2 23. Rac1 Rc6 24. Rf2 Qb8 25. Rcf1 Qd8 1-0